000 00550nam a2200193 a 4500
001 2355
005 20140414131925.0
008 050531s19uu xx 00 eng d
020 _a0-307-98877-5
050 _aER
_bW37 1998
100 _aMitter, Matt
245 _aA Wedding is beautiful /
_cby Matt Mitter ; illustrated by Samuel J. Butcher.
260 _aNew York :
_bA Golden Book,
_c1998.
300 _a1 v. p. : ill. ; cm.
440 _aPrecious Moments
650 _aOccasions
_xFiction.
650 _aChildren stories.
999 _c111947
_d111947